Statistics for Countries by Shared Letters

Click here to take the quiz!

General Stats

  • This quiz has been taken 49 times
  • The average score is 17 of 18

Answer Stats

Answer% Correct
Bela{rus}
100%
Ch{in}a
100%
{In}dia
100%
{Rus}sia
100%
Rw{anda}
100%
Ug{anda}
100%
{Ira}n
98%
{Ira}q
98%
Mo{zambi}que
98%
Taji{kistan}
98%
Uzbe{kistan}
98%
{Zambi}a
98%
Indone{sia}
95%
Malay{sia}
95%
Nor{th Korea}
95%
Sou{th Korea}
95%
{Niger}
62%
{Niger}ia
62%

Score Distribution

Percentile by Number Answered

Percent of People with Each Score

Your Score History

You have not taken this quiz